000 00748nab#a2200229#c#4500
999 _c87946
_d87946
003 IEF
005 20191205103009.0
008 950704s1976 uuu|| #####0 b| |u
040 _aIEF
_cES-MaIEF
100 1 _91840
_aArango Vila-Belda, Joaquín
245 _aCambio económico y movimientos migratorios en la España oriental del primer tercio del siglo XX
_b algunas hipótesis sobre determinantes y consecuencias
_c Joaquín Arango
260 _c1976
500 _aBibliografía
650 4 _aESPAÑA
_941092
650 4 _aHISTORIA ECONOMICA
_945401
650 4 _aMIGRACIONES INTERIORES
_947750
650 4 _aSIGLO XX
_948420
773 0 _tHacienda pública española
_w34570
_g38, p. 51-80
942 _2udc
942 _2udc